000 00745nam a2200241 4500
001 127511
003 ES-MaACL
005 20230906193027.0
007 t|
008 070214s1981 sp r ||||1| spa d
020 _a84-7509-119-9
100 1 _aRiesman, David.
_997161
245 1 3 _aLa muchedumbre solitaria /
_cDavid Riesman, Nathan Glazer, Revel Denney ; traducción de Noemí Rosemblat.
260 _aBarcelona :
_bPaidós,
_c1981.
300 _a375 p. ;
_c19 cm.
490 1 _aPaidós estudio ;
_v20
700 1 _aGlazer, Nathan.
_957418
700 1 _aDenney, Revel.
_943721
700 1 _aRosemblat, Noemí.
_999709
830 0 _aPaidós estudio ;
_v20
_9219200
852 _aES-MaACL
_jL-10006
_bR.11985
999 _c127511
_d127511